|
|
|
|
| LEADER |
00813cam a2200241 7i4500 |
| 001 |
0000022608 |
| 005 |
20191024090000.0 |
| 008 |
080609 eng |
| 020 |
|
|
|a 9780072464771
|
| 020 |
|
|
|a 0072464771
|
| 040 |
|
|
|a DLC
|
| 090 |
0 |
0 |
|a TA350
|b BEE 2008
|
| 100 |
1 |
|
|a Beer, Ferdinand P
|
| 245 |
1 |
0 |
|a Mechanics for engineers :
|b dynamics
|c Ferdinand P. Beer, E. Russell Johnston, Ralph E. Flori.
|
| 250 |
|
|
|a 5th ed.
|
| 260 |
|
|
|a Boston:
|b McGraw-Hill Higher Edu.,
|c 2008.
|
| 300 |
|
|
|a xii, 1 v. (various paging):
|b ill.;
|c 24cm.
|
| 500 |
|
|
|a Includes index
|
| 650 |
0 |
0 |
|a Mechanics, Applied
|
| 700 |
1 |
|
|a Johnston, E. Russell
|
| 700 |
1 |
|
|a Flori, Ralph E
|
| 997 |
|
|
|a Engineering & Life Sciences, Faculty
|b Engineering, Department
|
| 999 |
|
|
|a 0000031239
|b BOK
|c REFERENCE
|e 2nd Floor, Shah Alam
|